| 000 | 00558nam a22001337a 4500 | ||
|---|---|---|---|
| 040 | _cRUA | ||
| 082 | _aAGR CHE B535 2015 Or. | ||
| 100 | _aCHEAK SIM; ជាក់ ស៊ីម | ||
| 245 | _aCassava product of household in prek prasab district, kratie province; ផលិតកម្មដំឡូងមីជាលក្ខណៈគ្រួសារ នៅស្រុក ព្រែកប្រសព្វ ខេត្តក្រចេះ | ||
| 260 |
_aRUA _bPhnom Penh _c2015 |
||
| 300 |
_a36p; xi _bill. _c29cm. |
||
| 856 | _uCHEAK SIM | ||
| 942 | _cAGR | ||
| 999 |
_c10983 _d10983 |
||